<?xml version="1.0" encoding="UTF-8"?>
<collection xmlns="http://www.loc.gov/MARC21/slim">
  <record>
    <leader>00000nam  2200000   4500</leader>
    <controlfield tag="001">INLIS000000000020371</controlfield>
    <controlfield tag="005">20250616025233</controlfield>
    <datafield tag="035" ind1="#" ind2="#">
      <subfield code="a">0010-0625000113</subfield>
    </datafield>
    <controlfield tag="007">ta</controlfield>
    <controlfield tag="008">250616################|##########|#|##</controlfield>
    <datafield tag="084" ind1="#" ind2="#">
      <subfield code="a">R 084 PKN II 2023</subfield>
    </datafield>
    <datafield tag="100" ind1=" " ind2="#">
      <subfield code="a">Johnson Ridwan Ginting</subfield>
    </datafield>
    <datafield tag="245" ind1="1" ind2="#">
      <subfield code="a">Pemberdayaan Masyarakat Dalam Pencegahan Korupsi Creating Champion Pencegahan Korupsi di Masyarakat /</subfield>
      <subfield code="c">Johnson Ridwan Ginting</subfield>
    </datafield>
    <datafield tag="260" ind1="#" ind2="#">
      <subfield code="a">Jakarta :</subfield>
      <subfield code="b">Pusbangkom Pimnas dan Manajerial ASN,</subfield>
      <subfield code="c">2023</subfield>
    </datafield>
    <datafield tag="300" ind1="#" ind2="#">
      <subfield code="a">76 hlm. ;</subfield>
      <subfield code="c">30 cm</subfield>
    </datafield>
    <datafield tag="650" ind1="#" ind2="4">
      <subfield code="a">Pencegahan Korupsi</subfield>
    </datafield>
    <datafield tag="520" ind1="#" ind2="#">
      <subfield code="a">Untuk membangun kesadaran masyarakat yang ikut berpartisipasi dalam pemberantasan korupsi, KPK menyelenggarakan bimbingan teknis yang ditujukan kepada masyarakat umum. Yang membedakan kegiatan bimbingan teknis ini dengan bimbingan teknis lainnya adalah rangkaian kegiatan tidak berhenti setelah bimbingan teknis selesai diselenggarakan. Penugasan kepada peserta sesuai kapabilitas peserta dipantau secara berkala. Pelatihan penyegaran juga di buat secara berkala untuk penyegaran pengetahuan peserta dan menjalin komunikasi yang aktif dan pemberian pengetahuan baru.</subfield>
    </datafield>
    <datafield tag="990" ind1="#" ind2="#">
      <subfield code="a">2407084</subfield>
    </datafield>
  </record>
</collection>
